000 01159nam a22003257a 4500
999 _c21536
_d21536
003 AR-CdUCM
008 190311b ||||| |||| 00| 0 spa d
020 _a9786123172558
040 _aMUNICIPALIDAD PROVINCIAL DEL CUSCO
_cBIBLIOTECA MUNICIPAL DEL CUSCO
082 _a305.8/R10
_bR10
245 _aRacismo y lenguaje /
_cVirginia Zavala y Michele Back, editoras.
260 _aLima :
_bPontificia Universidad Católica del Perú,
_c2017.
300 _a409 páginas. :
_bilustraciones., diagramas., retratos. ;
_c21 cm.
500 _zIncluye bibliografías
650 _aRacismo
_93784
650 _aDiscriminación racial
_911668
650 _aRacismo en el lenguaje
_945277
650 _aLenguaje y cultura
_923310
650 _aEtnicidad
_91315
650 _aRedes sociales en línea
_945278
650 _aUsuarios de internet
_945279
650 _aPsicología
_91538
650 _aAspectos morales y éticos
_945280
650 _aPerú
_945281
700 _aZavala, Virginia (editora)
_945282
700 _aBack, Michele (editora)
_945283
710 _aPontificia Universidad Católica del Perú
_9400
942 _2ddc
_cLIBROS
945 _aRoel